Jerome : (Record no. 55675)

MARC details
000 -LEADER
fixed length control field 00535nam a22001577a 4500
008 - FIXED-LENGTH DATA ELEMENTS--GENERAL INFORMATION
fixed length control field 201204b ||||| |||| 00| 0 eng d
020 ## - INTERNATIONAL STANDARD BOOK NUMBER
International Standard Book Number 0060643331
050 ## - LIBRARY OF CONGRESS CALL NUMBER
Classification number BR1720.J5
Item number K44 1975
100 ## - MAIN ENTRY--PERSONAL NAME
Personal name Kelly, J. N. D. (John Norman Davidson)
245 ## - TITLE STATEMENT
Title Jerome :
Remainder of title his life, writings, and controversies /
Statement of responsibility, etc J.N.D. Kelly
260 ## - PUBLICATION, DISTRIBUTION, ETC. (IMPRINT)
Place of publication, distribution, etc New York :
Name of publisher, distributor, etc Harper & Row,
Date of publication, distribution, etc 1975
300 ## - PHYSICAL DESCRIPTION
Extent xi, 353 p. ;
Dimensions 24 cm
500 ## - GENERAL NOTE
General note Includes bibliographical references and index
600 ## - SUBJECT ADDED ENTRY--PERSONAL NAME
Numeration Jerome,
Titles and other words associated with a name Saint,
Dates associated with a name -419 or 420
942 ## - ADDED ENTRY ELEMENTS (KOHA)
Source of classification or shelving scheme Library of Congress Classification
Item type Book
Holdings
Withdrawn status Lost status Source of classification or shelving scheme Damaged status Not for loan Collection code Home library Current library Shelving location Date acquired Source of acquisition Cost, normal purchase price Full call number Barcode Copy number Price effective from Koha item type
    Library of Congress Classification     Non-fiction Bishop Okullu Memorial Library (Limuru Campus) Bishop Okullu Memorial Library (Limuru Campus) General Circulation 04/12/2020 Donations TBN 3092.00 BR1720.J5 K44 1975 064639 1 04/12/2020 Book